000 01090nam a22001817a 4500
008 120716t xxu||||| |||| 00| 0 eng d
020 _a0619217464
050 _aQA76.74.J63
100 _aJohnson, Richard A.
245 _aAn Introduction to java programming and object-oriented application development. /
_cRichard A. Johnson
260 _aAustralia:
_bCourse Technology,
_c2007.
300 _axiv, 760 p.:
_bill.;
_c20cm.
500 _aIncludes index.
505 _aContents:Computers, programming, and application development -- Fundamentals of java programming -- Making decisions with java -- Repeating program statements -- Methods and classes -- Arrays -- Characters, strings and formatting -- Exceptions and assertions -- File input and output -- Graphical user interfaces -- Object-oriented application development: I -- Object-oriented applicaton development: II -- An Introduction to the UML -- An Introduction to the unified process -- Appendix.
650 _aJava (Computer program language)
650 _aObject-oriented programming (Computer science)
942 _2lcc
_cBK
999 _c1687
_d9187